|
|
|
|
| LEADER |
00695nta a2200181 i 4500 |
| 001 |
dipl87631 |
| 005 |
20200619115253.0 |
| 008 |
200617s2019 hu om 0|| zxx d |
| 040 |
|
|
|a SZTE Diploma Repozitórium
|b hun
|
| 041 |
|
|
|a zxx
|
| 100 |
1 |
|
|a Kovács Anett
|
| 245 |
1 |
0 |
|a Változások a francia újbrutalitás irányzatán belül
|h [elektronikus dokumentum] /
|c Anett Kovács
|
| 246 |
1 |
0 |
|a Changes of the New French Extremity Movement
|h [elektronikus dokumentum]
|
| 260 |
|
|
|c 2019
|
| 650 |
|
4 |
|a Bölcsészettudományok
|
| 650 |
|
4 |
|a Philosophy, ethics and religion
|
| 700 |
1 |
|
|a Tóth Zoltán János
|e ths
|
| 856 |
4 |
0 |
|u http://diploma.bibl.u-szeged.hu/id/eprint/87631/1/2019_kovacs_anett.pdf
|z Dokumentum-elérés
|